000 00271nam a2200121Ia 4500
008 190216s9999||||xx |||||||||||||| ||und||
100 _aJames Hemming
245 0 _aAdventure At The Mill
260 _bLongmans
_c1961
300 _a48p
650 _aSpeeches
942 _cBK
999 _c11796
_d11796